[Event "De los Reyes op 21st"]
[Site "De los Reyes"]
[Date "2019.12.02"]
[Round "3"]
[White "Vallespin Morales, Antonio"]
[Black "Valle Fernandez De Castro, Luis"]
[Result "1-0"]
[WhiteElo "1407"]
[BlackElo "1174"]
[PlyCount "55"]
[EventDate "2019.11.30"]
[EventType "swiss"]
[EventRounds "9"]
[EventCountry "ESP"]
[SourceTitle "CBM 193 Extra"]
[Source "ChessBase"]
[SourceDate "2020.01.31"]
[SourceVersion "1"]
[SourceVersionDate "2020.01.31"]
[SourceQuality "1"]

1. e4 e5 2. Nf3 Nc6 3. Bb5 Nf6 4. d3 d6 5. c3 Bg4 6. h3 Bh5 7. 0-0 Qd7 8. Re1 0-0-0 9. Be3 d5 10. Nbd2 d4 11. cxd4 exd4 12. Bf4 Bd6 13. Bxd6 Qxd6 14. Bxc6 Ng4 15. Bxb7+ Kxb7 16. Qb3+ Kc8 17. e5 Qc6 18. Rac1 Qb6 19. Qc2 Rd7 20. Nc4 Qc6 21. Nd6+ Rxd6 22. exd6 Qd7 23. dxc7 Rd8 24. cxd8Q+ Kxd8 25. Ne5 Qd6 26. Qc8+ Ke7 27. Nf3+ Kf6 28. Rc6 1-0

[Event "De los Reyes op 21st"]
[Site "De los Reyes"]
[Date "2019.11.30"]
[Round "1"]
[White "Vallespin Morales, Antonio"]
[Black "Bassani, Jaison Jose"]
[Result "0-1"]
[WhiteElo "1407"]
[BlackElo "2001"]
[PlyCount "66"]
[EventDate "2019.11.30"]
[EventType "swiss"]
[EventRounds "9"]
[EventCountry "ESP"]
[SourceTitle "CBM 193 Extra"]
[Source "ChessBase"]
[SourceDate "2020.01.31"]
[SourceVersion "1"]
[SourceVersionDate "2020.01.31"]
[SourceQuality "1"]

1. e4 c5 2. Nf3 Nc6 3. Bb5 g6 4. Bxc6 dxc6 5. 0-0 Bg7 6. Nc3 Bg4 7. h3 Bxf3 8. Qxf3 e5 9. Na4 Qd4 10. Nc3 Nf6 11. d3 0-0 12. Be3 Qd6 13. Rad1 Nd7 14. a4 a5 15. Nb1 f5 16. Na3 f4 17. Nc4 Qe7 18. Bd2 b6 19. b3 Rf7 20. Bc3 Raf8 21. Kh2 g5 22. Nd2 Qe6 23. Rh1 Qg6 24. Kg1 h5 25. Rf1 g4 26. Qd1 f3 27. g3 h4 28. Kh2 hxg3+ 29. fxg3 Bh6 30. Nc4 b5 31. Nxe5 Nxe5 32. Bxe5 Qh5 33. Bd6 Qxh3+ 0-1

[Event "Tres Cantos op 10th"]
[Site "Tres Cantos"]
[Date "2018.06.28"]
[Round "8.38"]
[White "Vallespin Morales, Antonio"]
[Black "Marcos Herrero, Francisco"]
[Result "0-1"]
[WhiteElo "1413"]
[BlackElo "1907"]
[PlyCount "62"]
[EventDate "2018.06.21"]
[EventType "swiss"]
[EventRounds "9"]
[EventCountry "ESP"]
[SourceTitle "EXT 2024"]
[Source "ChessBase"]
[SourceDate "2023.10.10"]
[SourceVersion "1"]
[SourceVersionDate "2023.10.10"]
[SourceQuality "1"]

1. e4 c5 2. Nf3 Nc6 3. Bb5 g6 4. Bxc6 bxc6 5. 0-0 d6 6. e5 Bg7 7. exd6 Qxd6 8. h3 Nf6 9. d3 0-0 10. Re1 Nd5 11. c4 Nb4 12. Re2 Qxd3 13. Qxd3 Nxd3 14. Nc3 Be6 15. Bg5 Nxb2 16. Ne4 Bxc4 17. Rd2 Bd5 18. Bxe7 Bxe4 19. Bxf8 Rxf8 20. Rd7 c4 21. Re7 Bxf3 22. gxf3 Nd3 23. Rd1 Bd4 24. Rd2 Rb8 25. Rd7 c5 26. Re2 c3 27. Rxa7 Nxf2 28. Kh2 Rb2 29. Rxb2 cxb2 30. Rb7 c4 31. a4 c3 0-1

[Event "Tres Cantos op 10th"]
[Site "Tres Cantos"]
[Date "2018.06.22"]
[Round "2.49"]
[White "Vallespin Morales, Antonio"]
[Black "De Dompablo Fantova, Juan"]
[Result "0-1"]
[WhiteElo "1413"]
[BlackElo "1659"]
[PlyCount "72"]
[EventDate "2018.06.21"]
[EventType "swiss"]
[EventRounds "9"]
[EventCountry "ESP"]
[SourceTitle "EXT 2024"]
[Source "ChessBase"]
[SourceDate "2023.10.10"]
[SourceVersion "1"]
[SourceVersionDate "2023.10.10"]
[SourceQuality "1"]

1. e4 g6 2. d4 d6 3. Nf3 Bg7 4. c3 Nf6 5. Nbd2 0-0 6. Bd3 c5 7. Nb3 cxd4 8. Nbxd4 e5 9. Ne2 Bg4 10. Ng3 d5 11. Bc2 d4 12. h3 Bxf3 13. Qxf3 Nbd7 14. 0-0 Qb6 15. cxd4 exd4 16. Qf4 Nc5 17. e5 Nfd7 18. Qxd4 Nxe5 19. Qh4 Rad8 20. Bh6 Bxh6 21. Qxh6 f5 22. b3 Ncd3 23. Bxd3 Nxd3 24. Rad1 Nxf2 25. Qxf8+ Kxf8 26. Rxd8+ Qxd8 27. Rxf2 Qd1+ 28. Rf1 Qd3 29. Rf3 Qb1+ 30. Kh2 Qxa2 31. Ne4 Qb2 32. Nf2 Kg7 33. Kg3 Qe5+ 34. Kh4 f4 35. g4 g5+ 36. Kh5 h6 0-1

[Event "San Sebastian de los Reyes op 19th"]
[Site "San Sebastian"]
[Date "2017.12.02"]
[Round "1"]
[White "Fernandez Garcia, Ignacio"]
[Black "Vallespin Morales, Antonio"]
[Result "1-0"]
[WhiteElo "1861"]
[BlackElo "1388"]
[PlyCount "77"]
[EventDate "2017.12.02"]
[EventType "swiss"]
[EventRounds "9"]
[EventCountry "ESP"]
[SourceTitle "CBM 182 Extra"]
[Source "ChessBase"]
[SourceDate "2018.02.23"]
[SourceVersion "1"]
[SourceVersionDate "2018.02.23"]
[SourceQuality "1"]

1. e4 c5 2. c3 e6 3. d4 cxd4 4. cxd4 a6 5. Nf3 Be7 6. Nc3 d6 7. Bd3 Nc6 8. Be3 Nb4 9. Bb1 Nf6 10. 0-0 Bd7 11. Re1 0-0 12. a3 Nc6 13. e5 dxe5 14. dxe5 Ng4 15. Qd3 f5 16. exf6 Nxf6 17. Ne4 g6 18. Neg5 Rc8 19. Ba2 Rc7 20. Bb6 Bc8 21. Qe2 Ng4 22. Bxe6+ Kg7 23. Bxc8 Qxc8 24. Ne6+ Kg8 25. Nxc7 Qf5 26. Qe6+ Qxe6 27. Nxe6 Rf7 28. Rad1 Rf5 29. Ned4 Rh5 30. Nxc6 Bf6 31. Nd8 Kg7 32. h3 Nxf2 33. Kxf2 Rb5 34. Rd7+ Kh6 35. Be3+ g5 36. Rxb7 Rd5 37. Rb6 Kg6 38. Bd4 Rxd4 39. Nxd4 1-0

[Event "San Sebastian de los Reyes op 18th"]
[Site "San Sebastian"]
[Date "2016.12.06"]
[Round "4"]
[White "Lozano Hernanz, Rodrigo"]
[Black "Vallespin Morales, Antonio"]
[Result "1/2-1/2"]
[WhiteElo "1379"]
[BlackElo "1281"]
[PlyCount "96"]
[EventDate "2016.12.03"]
[EventType "swiss"]
[EventRounds "9"]
[EventCountry "ESP"]
[SourceTitle "CBM 176 Extra"]
[Source "ChessBase"]
[SourceDate "2017.03.02"]
[SourceVersion "1"]
[SourceVersionDate "2017.03.02"]
[SourceQuality "1"]

1. e4 c5 2. Nf3 e6 3. Nc3 a6 4. d4 cxd4 5. Nxd4 Qc7 6. Bd3 Bc5 7. Nf3 Nc6 8. 0-0 Nf6 9. Re1 d6 10. Bg5 Ng4 11. Re2 Nd4 12. Nxd4 Bxd4 13. Bb5+ axb5 14. Qxd4 f6 15. Nxb5 Qd7 16. Nxd6+ Ke7 17. Nxc8+ Raxc8 18. Qb4+ Kf7 19. Rd2 Qc7 20. Bf4 Qxf4 21. Qxb7+ Kg6 22. Rad1 Qxh2+ 23. Kf1 Qh1+ 24. Ke2 Qxg2 25. Rf1 Rb8 26. Qd7 Ne5 27. Qxe6 Qxe4+ 28. Kd1 Qg4+ 29. Qxg4+ Nxg4 30. Rg1 f5 31. f3 Rxb2 32. Ke2 Re8+ 33. Kd3 Rxa2 34. fxg4 Rd8+ 35. Kc3 Rxd2 36. Kxd2 fxg4 37. Rxg4+ Kf6 38. Kd3 Ra5 39. c4 g6 40. Kd4 h5 41. Rf4+ Kg5 42. Rf8 Ra1 43. c5 Rd1+ 44. Kc4 Rc1+ 45. Kb5 Rb1+ 46. Kc6 h4 47. Kd6 Rd1+ 48. Ke5 Re1+ 1/2-1/2

[Event "Madrid San Viator op-B 26th"]
[Site "Madrid"]
[Date "2016.04.10"]
[Round "2"]
[White "Vallespin Morales, Antonio"]
[Black "Cortijo Manso, Luis"]
[Result "0-1"]
[WhiteElo "1257"]
[BlackElo "1504"]
[PlyCount "94"]
[EventDate "2016.04.03"]
[EventType "swiss"]
[EventRounds "9"]
[EventCountry "ESP"]
[SourceTitle "EXT 2017"]
[Source "ChessBase"]
[SourceDate "2016.10.25"]
[SourceVersion "1"]
[SourceVersionDate "2016.10.25"]
[SourceQuality "1"]

1. e4 e6 2. d4 d5 3. e5 c5 4. dxc5 Bxc5 5. Bd3 Qb6 6. Qe2 Nc6 7. Nf3 Bd7 8. 0-0 Nb4 9. Nbd2 Nxd3 10. cxd3 Nh6 11. Nb3 Nf5 12. Nxc5 Qxc5 13. Re1 0-0 14. Bd2 Qb5 15. g4 Ne7 16. b3 a5 17. Rec1 Rfc8 18. Bg5 Ng6 19. Qd2 Qb4 20. Rxc8+ Rxc8 21. Qxb4 axb4 22. Rc1 Bc6 23. Nd4 Nxe5 24. Nxc6 bxc6 25. Be7 Nxd3 26. Rd1 Ne5 27. h3 c5 28. Kg2 Nd7 29. Rc1 f6 30. Bd6 Kf7 31. Bg3 e5 32. f3 d4 33. Kf1 Ke6 34. Ke2 g5 35. Kd3 Kd5 36. Be1 Ra8 37. Rc2 Ra5 38. a4 Nf8 39. h4 Ne6 40. h5 h6 41. Ra2 Nf4+ 42. Kd2 e4 43. fxe4+ Kxe4 44. Kd1 d3 45. Bg3 Ne2 46. Bc7 Ra6 47. a5 Nc3+ 0-1

[Event "Madrid Codes Memorial 9th"]
[Site "Madrid"]
[Date "2015.04.19"]
[Round "3"]
[White "Huerto Moreno, Jorge"]
[Black "Vallespin Morales, Antonio"]
[Result "1-0"]
[WhiteElo "1572"]
[BlackElo "1353"]
[PlyCount "119"]
[EventDate "2015.03.29"]
[EventType "swiss"]
[EventRounds "9"]
[EventCountry "ESP"]
[SourceTitle "EXT 2019"]
[Source "ChessBase"]
[SourceDate "2018.10.10"]
[SourceVersion "1"]
[SourceVersionDate "2018.10.10"]
[SourceQuality "1"]

1. d4 f5 2. c4 e6 3. Nf3 d5 4. Nc3 c6 5. Bf4 Nf6 6. cxd5 cxd5 7. Bxb8 Rxb8 8. Qa4+ Bd7 9. Qxa7 Bc6 10. Ne5 Ra8 11. Nxc6 bxc6 12. Qb7 Qc8 13. Qxc8+ Rxc8 14. e3 Kd7 15. Bd3 Rb8 16. Rb1 Be7 17. a4 Rb3 18. Bc2 Rb4 19. b3 Rb7 20. Ke2 Ne4 21. Na2 g6 22. f3 Nf6 23. Nc1 c5 24. dxc5 Bxc5 25. Bd3 d4 26. Rd1 e5 27. Bb5+ Kc7 28. Nd3 Bd6 29. Rbc1+ Kd8 30. Ba6 Rb8 31. Nc5 Ke7 32. exd4 exd4 33. Rxd4 Bxh2 34. Bb5 Bd6 35. Na6 Rbc8 36. Rxc8 Rxc8 37. Nb4 Bxb4 38. Rxb4 Rc2+ 39. Ke1 Rxg2 40. Be2 Rg1+ 41. Bf1 Rh1 42. a5 Rh2 43. a6 Ra2 44. Rb7+ Kd8 45. a7 Ra1+ 46. Kf2 Nd7 47. Rb8+ Ke7 48. a8Q Rxa8 49. Rxa8 h5 50. Ra7 Kd8 51. b4 g5 52. Ra5 g4 53. Rxf5 gxf3 54. Rxh5 Nf6 55. Rh8+ Ke7 56. b5 Kd7 57. Bh3+ Kc7 58. Rc8+ Kb6 59. Rc6+ Kxb5 60. Rxf6 1-0